Wszystkie znaki zakazu BHP - Statystyki

Ogólne statystyki
  • Ten quiz został rozwiązany 12 razy
  • Średni wynik to 10 z 96
Statystyki odpowiedzi
Obrazkowy Odpowiedź % Poprawnych
Zakaz fotografowania
88%
Zakaz palenia tytoniu
63%
Zakaz siadania
63%
Zakaz opierania się
50%
Zakaz spożywania alkoholu
50%
Ogólny znak zakazu
38%
Woda niezdatna do picia
38%
Zakaz gaszenia wodą
38%
Zakaz gry w piłkę
38%
Zakaz kąpieli
38%
Zakaz łowienia ryb
38%
Zakaz pchania
38%
Zakaz wspinania się
38%
Zakaz filmowania
25%
Zakaz jazdy na rolkach
25%
Zakaz przejścia
25%
Zakaz skakania do wody
25%
Zakaz śmiecenia
25%
Zakaz używania otwartego ognia
25%
Zakaz używania telefonów komórkowych
25%
Zakaz wstępu osobom nietrzeźwym
25%
Zakaz wstępu ze zwierzętami
25%
Zakaz wstępu z jedzeniem i piciem
25%
Nie dotykać
13%
Nie dotykać
13%
Nieupoważnionym wstęp wzbroniony
13%
Zakaz biwakowania
13%
Zakaz jazdy na łyżworolkach
13%
Zakaz kotwiczenia
13%
Zakaz palenia papierosów elektronicznych
13%
Zakaz ruchu urządzeń do transportu poziomego
13%
Zakaz spryskiwania wodą
13%
Zakaz używania drabiny
13%
Zakaz wjazdu na rowerze
13%
Zakaz wstępu dla kobiet w ciąży
13%
Zakaz wstępu osobom ze stymulatorem serca
13%
Zakaz wysypywania
13%
Nie dotykać Gorąca powierzchnia
0%
Nie przełączaj
0%
Nie załączać urządzeń elektrycznych
0%
Nie zastawiać
0%
Nie zostawiać włączonych silników spalinowych
0%
Oszczędzaj wodę
0%
Ruchome części maszyny
0%
Zakaz bujania krzesełkiem
0%
Zakaz chodzenia i stawania
0%
Zakaz chodzenia po powierzchni
0%
Zakaz jazdy na urządzeniach transportowych
0%
Zakaz najeżdzania na siebie sań
0%
Zakaz naprawiania urządzenia w ruchu
0%
Zakaz niszczenia lub uszkadzania drzew i innych roślin
0%
Zakaz noszenia biżuterii w pomieszczeniach produkcyjnych
0%
Zakaz noszenia broni
0%
Zakaz opuszczania wyznaczonej trasy
0%
Zakaz podnoszenia wózkiem
0%
Zakaz pracy z wysoką temperaturą
0%
Zakaz przebywania pod ciężarem
0%
Zakaz przewozu osób na urządzeniach transportowych 1
0%
Zakaz przewozu osób na urządzeniach transportowych 2
0%
Zakaz rozpalania ognia
0%
Zakaz smarowania urządzeń w ruchu
0%
Zakaz szlifowania na mokro
0%
Zakaz umieszczania ciężkich przedmiotów
0%
Zakaz uruchamiania maszyny
0%
Zakaz używania bezprzewodowego internetu
0%
Zakaz używania detergentów
0%
Zakaz używania fajerwerków
0%
Zakaz używania niekompletnego rusztowania
0%
Zakaz używania obuwia na wysokim obcasie
0%
Zakaz używania okularów interaktywnych
0%
Zakaz używania rękawic roboczych
0%
Zakaz używania silników spalinowych do łodzi
0%
Zakaz używania sygnałów dźwiękowych
0%
Zakaz używania sygnału dźwiękowego
0%
Zakaz używania szkła
0%
Zakaz używania szlifierki
0%
Zakaz używania szlifierki ręcznej
0%
Zakaz używania urządzenia w wannie, pod prysznicem i w zbiornikach wypełnionych wodą
0%
Zakaz używania urządzeń nagłaśniających i radia w sposób uciążliwy
0%
Zakaz używania windy przez ludzi
0%
Zakaz używania windy w razie pożaru
0%
Zakaz wchodzenia na regały
0%
Zakaz wchodzenia w obuwiu z metalowa podeszwą
0%
Zakaz wejścia w obuwiu zewnętrznym
0%
Zakaz wiązania węzłów
0%
Zakaz wkładania rąk do środka
0%
Zakaz wrzucania do toalety
0%
Zakaz wrzucania niedopałków do kosza
0%
Zakaz wstępu dzieciom
0%
Zakaz wstępu osobom z implantami
0%
Zakaz wstępu z przedmiotami metalowymi i zegarkami
0%
Zakaz wyprowadzania psów 1
0%
Zakaz wyprowadzania psów 2
0%
Zakaz wystawiania kończyn poza sanie
0%
Zakaz zbierania owoców, nasion i runa leśnego
0%
Zakaz zdejmowania osłon podczas pracy urządzenia
0%
Nie znaleziono quizów pasujących do podanych kryteriów
Rozkład punktacji
Procent ludzi z każdym wynikiem
Percentyl według liczby udzielonych odpowiedzi
Twoja historia wyników
Nie rozwiązałeś tego quizu